| 000 -LEADER |
| fixed length control field |
01797cam a22002294a 4500 |
| 003 - CONTROL NUMBER IDENTIFIER |
| control field |
OSt |
| 005 - DATE AND TIME OF LATEST TRANSACTION |
| control field |
20200316165929.0 |
| 008 - FIXED-LENGTH DATA ELEMENTS--GENERAL INFORMATION |
| fixed length control field |
100630s2011 enka b 001 0 eng |
| 020 ## - INTERNATIONAL STANDARD BOOK NUMBER |
| International Standard Book Number |
9781849711173 (hardback) |
| 040 ## - CATALOGING SOURCE |
| Original cataloging agency |
DLC |
| Transcribing agency |
DLC |
| Modifying agency |
DLC |
| 082 00 - DEWEY DECIMAL CLASSIFICATION NUMBER |
| Classification number |
720.47 |
| Edition number |
22 |
| Item number |
APP |
| 100 1# - MAIN ENTRY--PERSONAL NAME |
| Personal name |
Appleby, Paul. |
| 245 10 - TITLE STATEMENT |
| Title |
Integrated sustainable design of buildings / |
| Statement of responsibility, etc |
Paul Appleby. |
| 260 ## - PUBLICATION, DISTRIBUTION, ETC. (IMPRINT) |
| Place of publication, distribution, etc |
London ; |
| -- |
Washington, DC : |
| Name of publisher, distributor, etc |
Earthscan, |
| Date of publication, distribution, etc |
c2011. |
| 300 ## - PHYSICAL DESCRIPTION |
| Extent |
xix, 415 p. : |
| Other physical details |
ill. (chiefly col.) ; |
| Dimensions |
26 cm. |
| 504 ## - BIBLIOGRAPHY, ETC. NOTE |
| Bibliography, etc |
Includes bibliographical references and index. |
| 505 0# - FORMATTED CONTENTS NOTE |
| Formatted contents note |
Background: -- Introduction and scope -- Legislation and planning -- Assessment methodologies -- Environmental impact assessment -- Sustainability and masterplanning -- Sustainable communities -- Land use and density -- Massing and microclimate -- Social sustainability -- Economic sustainability -- Energy strategy and infrastructure -- Integrated sustainable transportation planning -- Sustainability and building design -- Sustainability strategy -- Operational energy and carbon -- Thermal comfort -- Design for natural ventilation -- Air quality, hygiene and ventilation -- Light and lighting -- Computer simulation of building environments -- Noise and vibration -- Water conservation -- Design to reduce vehicle impacts -- Waste management and recycling -- Materials specification -- Pollution -- Landscaping, ecology and flood risk -- Security and flexibility -- Sustainable construction -- Tendering process -- Sustainable procurement -- Construction waste management -- Considerate contracting and construction impacts -- Value engineering and management -- Commissioning and handover. |
| 650 #0 - SUBJECT ADDED ENTRY--TOPICAL TERM |
| Topical term or geographic name as entry element |
Sustainable architecture. |
| 650 #0 - SUBJECT ADDED ENTRY--TOPICAL TERM |
| Topical term or geographic name as entry element |
Sustainable design. |
| 650 #0 - SUBJECT ADDED ENTRY--TOPICAL TERM |
| Topical term or geographic name as entry element |
Architectural design. |
| 942 ## - ADDED ENTRY ELEMENTS (KOHA) |
| Source of classification or shelving scheme |
|